Т. 1: Статика и кинематика; Теоретическая механика в примерах и задачах

Detalles Bibliográficos
Parent link:Теоретическая механика в примерах и задачах: учебное пособие для вузов/ М. И. Бать, Г. Ю. Джанелидзе, А. С. Кельзон. Т. 1: Статика и кинематика.— 3-е изд., стер..— , 1964-1966
Idioma:ruso
Publicado: 1964
Subjects:
Formato: MixedMaterials Libro
KOHA link:https://koha.lib.tpu.ru/cgi-bin/koha/opac-detail.pl?biblionumber=262643

MARC

LEADER 00000nam2a2200000 4500
001 262643
005 20231101233654.0
035 |a (RuTPU)RU\TPU\book\285626 
035 |a RU\TPU\book\285623 
090 |a 262643 
100 |a 20140603d1964 m y0rusy50 ca 
101 0 |a rus 
102 |a RU 
105 |a a j 000zy 
200 0 |a Т. 1: Статика и кинематика 
210 |d 1964 
215 |a 483 с.  |c черт. 
461 1 |0 (RuTPU)RU\TPU\book\187177  |t Теоретическая механика в примерах и задачах  |o учебное пособие для вузов  |f М. И. Бать, Г. Ю. Джанелидзе, А. С. Кельзон  |v Т. 1: Статика и кинематика  |e 3-е изд., стер.  |d 1964-1966 
606 1 |a Механика теоретическая  |2 stltpush  |3 (RuTPU)RU\TPU\subj\59441  |9 76991 
610 1 |a твердое тело 
610 1 |a статика 
610 1 |a плоская система сил 
610 1 |a равновесие 
610 1 |a фермы 
610 1 |a расчет 
610 1 |a пространственная система сил 
610 1 |a кинематика 
610 1 |a точка 
610 1 |a сложное движение 
610 1 |a плоское движение 
610 1 |a вращение 
675 |a 531(076)  |v 3 
801 1 |a RU  |b 63413507  |c 20140303 
801 2 |a RU  |b 63413507  |c 20210128  |g RCR 
942 |c BK